000 00241nam a22000857a 4500
008 160705b xxu||||| |||| 00| 0 eng d
100 _92276
_a Barnhart, C.L., et al
245 _aThe American College Dictionary
260 _aN.Y
_b Random House
_c1966
999 _c1958
_d1958